Prague Economic Papers (Record no. 5513)
[ view plain ]
| 000 -LEADER | |
|---|---|
| fixed length control field | 00714nas a22002057i 4500 |
| 001 - CONTROL NUMBER | |
| control field | 5776 |
| 003 - CONTROL NUMBER IDENTIFIER | |
| control field | OSt |
| 005 - DATE AND TIME OF LATEST TRANSACTION | |
| control field | 20170126082349.0 |
| 007 - PHYSICAL DESCRIPTION FIXED FIELD--GENERAL INFORMATION | |
| fixed length control field | tu |
| 008 - FIXED-LENGTH DATA ELEMENTS--GENERAL INFORMATION | |
| fixed length control field | 161220s xxu||||| |||| 00| 0 d |
| 022 ## - INTERNATIONAL STANDARD SERIAL NUMBER | |
| International Standard Serial Number | 1210-0455 |
| 024 7# - OTHER STANDARD IDENTIFIER | |
| Standard number or code | 5776 |
| Source of number or code | RID |
| 024 7# - OTHER STANDARD IDENTIFIER | |
| Standard number or code | 5776 |
| Source of number or code | RSN (alt) |
| 040 ## - CATALOGING SOURCE | |
| Transcribing agency | OSt |
| 110 2# - MAIN ENTRY--CORPORATE NAME | |
| Corporate name or jurisdiction name as entry element | University of Economics, Prague |
| 245 00 - TITLE STATEMENT | |
| Title | Prague Economic Papers |
| Remainder of title | Quarterly Journal of Economic Theory and Policy |
| 260 ## - PUBLICATION, DISTRIBUTION, ETC. | |
| Place of publication, distribution, etc. | Prag : |
| Name of publisher, distributor, etc. | University of Economics. |
| 866 #0 - TEXTUAL HOLDINGS--BASIC BIBLIOGRAPHIC UNIT | |
| -- | 1997/2 - 2001/3 (unvollständig) |
| 866 #0 - TEXTUAL HOLDINGS--BASIC BIBLIOGRAPHIC UNIT | |
| -- | Bestände unvollständig<br><br>vorhanden:<br>1997/2, 4<br>1998/1-3<br>2000/1, 4<br>2001/3<br>2002/1<br>2003/1<br><br>fehlende Bestände:<br>1997/1, 3<br>1998/4<br>2000/2-3<br>2001/2, 4 |
| 942 ## - ADDED ENTRY ELEMENTS (KOHA) | |
| Koha item type | Journal |
| Withdrawn status | Lost status | Damaged status | Not for loan | Home library | Current library | Shelving location | Date acquired | Inventory number | Total Checkouts | Barcode | Date last seen | Price effective from | Koha item type |
|---|---|---|---|---|---|---|---|---|---|---|---|---|---|
| WIIW | WIIW | Library | 08/04/2004 | 5776 | 10001027 | 01/26/2017 | 01/26/2017 | Journal |
